[Event "Aragon-chT Honor Descenso"]
[Site "Aragon"]
[Date "2019.03.16"]
[Round "8.31"]
[White "Escuer Sanchez, Nestor"]
[Black "Fuentes Espuna, Juan Antonio"]
[Result "0-1"]
[WhiteElo "2070"]
[BlackElo "1948"]
[PlyCount "106"]
[EventDate "2019.03.16"]
[EventType "team-tourn"]
[EventRounds "10"]
[EventCountry "ESP"]
[SourceTitle "EXT 2020"]
[Source "ChessBase"]
[SourceDate "2019.10.17"]
[SourceVersion "1"]
[SourceVersionDate "2019.10.17"]
[SourceQuality "1"]
[WhiteTeam "Enroque"]
[BlackTeam "La Aurora Estadilla"]
[WhiteTeamCountry "ESP"]
[BlackTeamCountry "ESP"]

1. d4 e6 2. e4 d5 3. Nd2 c5 4. exd5 exd5 5. Ngf3 Nc6 6. Be2 Nf6 7. 0-0 Be7 8. dxc5 Bxc5 9. Nb3 Be7 10. Nbd4 0-0 11. h3 Ne4 12. c3 a6 13. Qb3 Nxd4 14. Nxd4 Bh4 15. Nf3 b5 16. Nxh4 Qxh4 17. Qxd5 Be6 18. Qh5 Qxh5 19. Bxh5 Rad8 20. Be2 Rfe8 21. Rd1 Rxd1+ 22. Bxd1 Bc4 23. Be3 Ng3 24. Bc2 g6 25. Bb3 Ne4 26. Rd1 Bxb3 27. axb3 Re6 28. Bh6 Nd6 29. c4 f6 30. c5 Nf7 31. Bf4 Kf8 32. Kf1 Ke7 33. Re1 Rxe1+ 34. Kxe1 Nd8 35. Bd2 Nc6 36. b4 Ke6 37. Bc3 f5 38. Ke2 Kd5 39. Kd3 a5 40. bxa5 b4 41. Bd2 Kxc5 42. Be3+ Kb5 43. Bb6 Ne5+ 44. Kc2 Nc4 45. Bd8 Nxa5 46. Bxa5 Kxa5 47. Kd3 Kb5 48. Kd4 Ka4 49. Kc4 g5 50. b3+ Ka3 51. g3 g4 52. hxg4 fxg4 53. f4 gxf3 0-1

[Event "Aragon-chT Honor Gr-A"]
[Site "Aragon"]
[Date "2019.02.09"]
[Round "3.22"]
[White "Escuer Sanchez, Nestor"]
[Black "Ramon Perez, Jose Luis"]
[Result "1-0"]
[WhiteElo "2070"]
[BlackElo "2246"]
[PlyCount "115"]
[EventDate "2019.01.26"]
[EventType "team-tourn"]
[EventRounds "7"]
[EventCountry "ESP"]
[SourceTitle "EXT 2020"]
[Source "ChessBase"]
[SourceDate "2019.10.17"]
[SourceVersion "1"]
[SourceVersionDate "2019.10.17"]
[SourceQuality "1"]
[WhiteTeam "Enroque"]
[BlackTeam "Agrupacion"]
[WhiteTeamCountry "ESP"]
[BlackTeamCountry "ESP"]

1. Nf3 e6 2. g3 f5 3. Bg2 Nf6 4. c4 d5 5. d4 c6 6. cxd5 exd5 7. 0-0 Bd6 8. Ne5 0-0 9. Nd3 Qb6 10. e3 Be6 11. Nc3 Nbd7 12. Na4 Qc7 13. Nac5 Bf7 14. b3 Rac8 15. Bb2 Rfe8 16. Rc1 Nf8 17. Ne5 Ng6 18. Nxf7 Qxf7 19. b4 h5 20. h4 Ng4 21. Qf3 Rc7 22. Nd3 Rce7 23. Rfe1 Re4 24. b5 cxb5 25. Qd1 Qf6 26. Bxe4 fxe4 27. Nf4 Bxf4 28. exf4 Nxh4 29. Qb3 Nf3+ 30. Kg2 Nxe1+ 31. Rxe1 Qe6 32. Bc1 Rc8 33. Be3 h4 34. gxh4 Nf6 35. Rg1 b4 36. Kf1 Qh3+ 37. Ke1 a5 38. Qa4 Qh2 39. Kf1 Qxh4 40. Qxa5 Qh5 41. Qb6 Qf5 42. Qxb4 Qd7 43. Qb6 Rc6 44. Qb3 b5 45. Qa3 Qb7 46. Qa5 Rc8 47. Rg3 Ra8 48. Qd2 b4 49. f5 Qd7 50. Qxb4 Rxa2 51. Qb8+ Qe8 52. Qd6 Qh5 53. Kg2 Ra1 54. Qd8+ Kf7 55. Qc7+ Ke8 56. Qc8+ Ke7 57. Rxg7+ Kd6 58. Qe6# 1-0

[Event "Aragon-chT Honor Titulo"]
[Site "Aragon"]
[Date "2018.03.17"]
[Round "8.6"]
[White "Escuer Sanchez, Nestor"]
[Black "Glavina, Pablo"]
[Result "0-1"]
[WhiteElo "2074"]
[BlackElo "2394"]
[PlyCount "89"]
[EventDate "2018.03.17"]
[EventType "team-tourn"]
[EventRounds "10"]
[EventCountry "ESP"]
[SourceTitle "EXT 2019"]
[Source "ChessBase"]
[SourceDate "2018.10.10"]
[SourceVersion "1"]
[SourceVersionDate "2018.10.10"]
[SourceQuality "1"]
[WhiteTeam "Barbastro"]
[BlackTeam "St Casablanca"]
[WhiteTeamCountry "ESP"]
[BlackTeamCountry "ESP"]

1. d4 Nf6 2. c4 e6 3. Nc3 Bb4 4. Qc2 0-0 5. Nf3 d5 6. Bg5 h6 7. Bxf6 Qxf6 8. a3 Bxc3+ 9. Qxc3 c6 10. e3 Nd7 11. Rd1 Re8 12. Ne5 c5 13. Be2 cxd4 14. exd4 dxc4 15. Bxc4 Nb6 16. Be2 Nd5 17. Qg3 b6 18. 0-0 Bb7 19. Bf3 Rac8 20. Rfe1 Qg5 21. Qxg5 hxg5 22. Be4 Re7 23. Nf3 f6 24. Bb1 Nf4 25. Be4 Bxe4 26. Rxe4 Rc2 27. Rd2 Rc1+ 28. Re1 Rec7 29. g3 Nh3+ 30. Kf1 g4 31. Rxc1 Rxc1+ 32. Ne1 Ng1 33. Kxg1 Rxe1+ 34. Kg2 Kf7 35. h3 gxh3+ 36. Kxh3 Ke7 37. Kg4 Kd6 38. Kh5 Re4 39. f3 Re3 40. Rf2 g5 41. Kg6 Ke7 42. g4 Rd3 43. f4 gxf4 44. Rxf4 Rg3 45. Kh5 0-1

[Event "Aragon-chT Honor Gr I"]
[Site "Aragon"]
[Date "2018.01.27"]
[Round "1.20"]
[White "Veras Sanz, Marino"]
[Black "Escuer Sanchez, Nestor"]
[Result "0-1"]
[WhiteElo "2090"]
[BlackElo "2074"]
[PlyCount "110"]
[EventDate "2018.01.27"]
[EventType "team-tourn"]
[EventRounds "7"]
[EventCountry "ESP"]
[SourceTitle "EXT 2019"]
[Source "ChessBase"]
[SourceDate "2018.10.10"]
[SourceVersion "1"]
[SourceVersionDate "2018.10.10"]
[SourceQuality "1"]
[WhiteTeam "El Olivar"]
[BlackTeam "Barbastro"]
[WhiteTeamCountry "ESP"]
[BlackTeamCountry "ESP"]

1. Nf3 e6 2. g3 b6 3. Bg2 Bb7 4. 0-0 Nf6 5. d4 Be7 6. c4 0-0 7. d5 exd5 8. Nh4 c6 9. cxd5 Nxd5 10. Nf5 Nc7 11. e4 d5 12. Nc3 Bf6 13. Bf4 Bc8 14. Bxc7 Qxc7 15. Nd4 dxe4 16. Nxe4 Bxd4 17. Qxd4 Rd8 18. Qc3 Bb7 19. Rfd1 Na6 20. b4 Rxd1+ 21. Rxd1 Rd8 22. Rc1 Qd7 23. a4 Nc7 24. b5 Nd5 25. Qa1 Ne7 26. h4 c5 27. a5 Nf5 28. axb6 axb6 29. Qa7 Nd4 30. Re1 Qc7 31. Nf6+ gxf6 32. Qxb7 Qxb7 33. Bxb7 Nxb5 34. Ra1 Rb8 35. Bc6 Nd4 36. Bd5 b5 37. Ra7 Ne6 38. h5 h6 39. f4 f5 40. g4 fxg4 41. f5 Ng5 42. Rc7 c4 43. f6 b4 44. Bxc4 b3 45. Bd3 b2 46. Bb1 Nf3+ 47. Kg2 Nd2 48. Bf5 b1Q 49. Bxb1 Nxb1 50. Kg3 Rb6 51. Rc8+ Kh7 52. Kxg4 Rxf6 53. Rc2 Na3 54. Rc5 Rb6 55. Kf5 Rb5 0-1

[Event "Aragon-chT Preferente A"]
[Site "Aragon"]
[Date "2017.02.04"]
[Round "2.43"]
[White "Galve Guinea, Alejandro"]
[Black "Escuer Sanchez, Nestor"]
[Result "1/2-1/2"]
[WhiteElo "2029"]
[BlackElo "2071"]
[PlyCount "46"]
[EventDate "2017.01.28"]
[EventType "team-tourn"]
[EventRounds "9"]
[EventCountry "ESP"]
[SourceTitle "EXT 2018"]
[Source "ChessBase"]
[SourceDate "2017.10.13"]
[SourceVersion "1"]
[SourceVersionDate "2017.10.13"]
[SourceQuality "1"]
[WhiteTeam "El Olivar II"]
[BlackTeam "Barbastro"]
[WhiteTeamCountry "ESP"]
[BlackTeamCountry "ESP"]

1. Nf3 g6 2. d4 d5 3. c4 c6 4. Nc3 Nf6 5. cxd5 cxd5 6. g3 Bg7 7. Bg2 0-0 8. Ne5 Nc6 9. 0-0 e6 10. f4 Ne7 11. b3 Nf5 12. Qd3 h5 13. e3 Re8 14. Bb2 b6 15. Rfc1 a6 16. Rc2 Bb7 17. Rac1 Rc8 18. Ba3 Bf8 19. Bxf8 Rxf8 20. Na4 Rxc2 21. Rxc2 Qd6 22. Kf2 Kg7 23. Nc3 Rc8 1/2-1/2

[Event "Aragon-chT Preferente B"]
[Site "Aragon"]
[Date "2016.03.05"]
[Round "6.49"]
[White "Fontana Sotomayour, Luis Javier"]
[Black "Escuer Sanchez, Nestor"]
[Result "1-0"]
[WhiteElo "2315"]
[BlackElo "2066"]
[PlyCount "81"]
[EventDate "2016.01.30"]
[EventType "team-tourn"]
[EventRounds "9"]
[EventCountry "ESP"]
[SourceTitle "EXT 2018"]
[Source "ChessBase"]
[SourceDate "2017.10.13"]
[SourceVersion "1"]
[SourceVersionDate "2017.10.13"]
[SourceQuality "1"]
[WhiteTeam "Jaime Casas II"]
[BlackTeam "Barbastro"]
[WhiteTeamCountry "ESP"]
[BlackTeamCountry "ESP"]

1. b3 e5 2. Bb2 Nc6 3. e3 Nf6 4. Bb5 d6 5. Ne2 Bd7 6. d3 a6 7. Bxc6 Bxc6 8. 0-0 Be7 9. Nd2 0-0 10. e4 Re8 11. h3 Bf8 12. f4 Nd7 13. Nc4 b6 14. Ne3 Bb7 15. Kh1 c6 16. fxe5 dxe5 17. Qe1 Nc5 18. Qg3 f6 19. h4 Ne6 20. h5 h6 21. Nf5 Kh8 22. Bc1 Ng5 23. Ng1 Bc8 24. Nh4 Nf7 25. Ngf3 Bc5 26. Ng6+ Kg8 27. Nfh4 a5 28. Bd2 a4 29. b4 Bd6 30. Nf5 Bxf5 31. Rxf5 c5 32. bxc5 bxc5 33. Raf1 Kh7 34. Nh4 Ra7 35. Qg6+ Kh8 36. R5f3 Ng5 37. Bxg5 fxg5 38. Rf7 Rxf7 39. Rxf7 Rg8 40. Nf5 g4 41. Rxg7 1-0

[Event "Aragon-chT Preferente B"]
[Site "Aragon"]
[Date "2015.03.14"]
[Round "8.71"]
[White "Planas Torrea, Alberto"]
[Black "Escuer Sanchez, Nestor"]
[Result "0-1"]
[WhiteElo "1928"]
[BlackElo "2057"]
[PlyCount "64"]
[EventDate "2015.01.24"]
[EventType "team-tourn"]
[EventRounds "9"]
[EventCountry "ESP"]
[SourceTitle "EXT 2017"]
[Source "ChessBase"]
[SourceDate "2016.10.25"]
[SourceVersion "1"]
[SourceVersionDate "2016.10.25"]
[SourceQuality "1"]
[WhiteTeam "Ejea"]
[BlackTeam "La Aurora Estadilla"]
[WhiteTeamCountry "ESP"]
[BlackTeamCountry "ESP"]

1. e4 e6 2. d4 d5 3. e5 c5 4. c3 Nc6 5. Nf3 Qb6 6. a3 Bd7 7. b4 cxd4 8. cxd4 Rc8 9. Be2 Nh6 10. Bxh6 gxh6 11. Qd3 Bxb4+ 12. axb4 Nxb4 13. Qd1 Nc2+ 14. Kf1 Nxa1 15. g3 Qb3 16. Kg2 Qxd1 17. Rxd1 Nb3 18. Nbd2 Nc1 19. Bf1 Ke7 20. Ng1 Ba4 21. Re1 Rc2 22. Ndf3 Rhc8 23. Nh3 b5 24. Nf4 b4 25. Bd3 b3 26. Bxc2 Rxc2 27. Nd2 Rxd2 28. Rxc1 b2 29. Rc7+ Kd8 30. Rxf7 b1Q 31. Nxe6+ Ke8 32. Rxa7 Qe4+ 0-1

[Event "Aragon-chT Honor GrA"]
[Site "Aragon"]
[Date "2014.02.08"]
[Round "3.11"]
[White "Escuer Sanchez, Nestor"]
[Black "Labena Bernal, Antonio"]
[Result "0-1"]
[WhiteElo "2047"]
[BlackElo "2091"]
[PlyCount "93"]
[EventDate "2014.01.25"]
[EventType "team-tourn"]
[EventRounds "7"]
[EventCountry "ESP"]
[SourceTitle "EXT 2015"]
[Source "ChessBase"]
[SourceDate "2014.11.20"]
[SourceVersion "1"]
[SourceVersionDate "2014.11.20"]
[SourceQuality "1"]
[WhiteTeam "La Aurora Estadilla"]
[BlackTeam "St Casablanca II"]
[WhiteTeamCountry "ESP"]
[BlackTeamCountry "ESP"]

1. e4 e5 2. Nf3 Nc6 3. Bc4 Nf6 4. Ng5 d5 5. exd5 Na5 6. Bb5+ c6 7. dxc6 bxc6 8. Bd3 h6 9. Ne4 Nd5 10. 0-0 Be7 11. Re1 0-0 12. Ng3 Nf4 13. Bf1 Ng6 14. Qh5 Qb6 15. Nc3 Bg5 16. Nge4 Nf4 17. Qd1 Be7 18. Na4 Qc7 19. d3 Ne6 20. Be3 Nb7 21. f3 Bd7 22. Nac3 f5 23. Nd2 Nd6 24. Nb3 Nb5 25. Nxb5 cxb5 26. d4 Bd6 27. d5 Ng5 28. h4 Nf7 29. Rc1 e4 30. c4 Bh2+ 31. Kh1 Bg3 32. cxb5 Qd8 33. Bc4 Qxh4+ 34. Kg1 f4 35. Bd4 Ng5 36. d6+ Kh7 37. Kf1 exf3 38. gxf3 Qh1+ 39. Ke2 Rfe8+ 40. Kd2 Bxe1+ 41. Kc2 Qg2+ 42. Kb1 Qxf3 43. Bd3+ Kh8 44. Nc5 Qxd1 45. Rxd1 Bg4 46. Rc1 Bd2 47. Rg1 0-1

[Event "Aragon-chT Honor GrB"]
[Site "Aragon"]
[Date "2013.02.16"]
[Round "4.27"]
[White "Martinez Crespo, Juan"]
[Black "Escuer Sanchez, Nestor"]
[Result "0-1"]
[WhiteElo "1857"]
[BlackElo "2063"]
[PlyCount "66"]
[EventDate "2013.01.26"]
[EventType "team"]
[EventRounds "7"]
[EventCountry "ESP"]
[SourceTitle "EXT 2014"]
[Source "ChessBase"]
[SourceDate "2013.11.20"]
[SourceVersion "1"]
[SourceVersionDate "2013.11.20"]
[SourceQuality "1"]
[WhiteTeam "Agrupacion II"]
[BlackTeam "La Aurora Estadilla"]
[WhiteTeamCountry "ESP"]
[BlackTeamCountry "ESP"]

1. e4 e6 2. d4 d5 3. Nd2 Nf6 4. e5 Nfd7 5. Bd3 c5 6. c3 Nc6 7. Ne2 cxd4 8. cxd4 f6 9. exf6 Nxf6 10. 0-0 Bd6 11. Nf3 Qc7 12. Nc3 a6 13. Bg5 0-0 14. Re1 Bd7 15. Qe2 Rae8 16. h3 Re7 17. Rac1 Be8 18. Qe3 h6 19. Bxf6 Rxf6 20. Ne5 Qb6 21. Nxc6 Bxc6 22. Nd1 Bf4 23. Rxc6 bxc6 24. Qe2 Qxd4 25. Bxa6 Ra7 26. Nc3 Bg3 27. Rf1 Bxf2+ 28. Kh1 Qe3 29. Bc8 Qxe2 30. Nxe2 Rxa2 31. Bxe6+ Rxe6 32. Rxf2 Rxb2 33. Nd4 Re1+ 0-1

[Event "ESP-chT CECLUB Div2 Gp1"]
[Site "Padron"]
[Date "2011.08.11"]
[Round "3"]
[White "Escuer Sanchez, Nestor"]
[Black "Suarez Real, Alberto"]
[Result "0-1"]
[WhiteElo "2118"]
[BlackElo "2384"]
[PlyCount "92"]
[EventDate "2011.08.10"]
[EventType "team-swiss"]
[EventRounds "6"]
[EventCountry "ESP"]
[SourceTitle "CBM 143 Extra"]
[Source "ChessBase"]
[SourceDate "2011.08.29"]
[SourceVersion "1"]
[SourceVersionDate "2011.08.29"]
[SourceQuality "1"]
[WhiteTeam "La Aurora Estadilla"]
[BlackTeam "Oviedo Universidad"]
[WhiteTeamCountry "ESP"]
[BlackTeamCountry "ESP"]

1. e4 c5 2. Nc3 Nc6 3. g3 g6 4. Bg2 Bg7 5. d3 d6 6. Nge2 e6 7. 0-0 Nge7 8. Bg5 0-0 9. Qd2 e5 10. Bh6 f6 11. Bxg7 Kxg7 12. h3 Be6 13. Nd5 Bxd5 14. exd5 Nd4 15. c3 Nxe2+ 16. Qxe2 Qb6 17. Rad1 Rae8 18. Kh2 Ng8 19. Qd2 f5 20. f4 Nf6 21. fxe5 Rxe5 22. Rfe1 Rfe8 23. Rxe5 Rxe5 24. Re1 Nd7 25. d4 cxd4 26. cxd4 Rxe1 27. Qxe1 Qd8 28. Qb4 Qc7 29. Qa4 a6 30. Qd1 Nf6 31. Qe2 Qd7 32. a4 Qe8 33. Qc2 Qe7 34. b4 h5 35. b5 axb5 36. axb5 b6 37. Qc6 h4 38. gxh4 Nh5 39. Qxb6 Nf4 40. Bf1 Qe1 41. Qc7+ Kh6 42. Qc2 Qxf1 43. b6 Qxh3+ 44. Kg1 Qg3+ 45. Kh1 Qe1+ 46. Kh2 Ne2 0-1

[Event "Aragon-chT Honor Titulo"]
[Site "Spain"]
[Date "2011.04.10"]
[Round "11.3"]
[White "Fontana Sotomayour, Luis Javier"]
[Black "Escuer Sanchez, Nestor"]
[Result "1/2-1/2"]
[WhiteElo "2371"]
[BlackElo "2107"]
[PlyCount "112"]
[EventDate "2011.03.26"]
[EventType "team-tourn"]
[EventRounds "11"]
[EventCountry "ESP"]
[SourceTitle "EXT 2013"]
[Source "ChessBase"]
[SourceDate "2012.11.22"]
[SourceVersion "1"]
[SourceVersionDate "2012.11.22"]
[SourceQuality "1"]
[WhiteTeam "Jaime Casas"]
[BlackTeam "La Aurora Estadilla"]
[WhiteTeamCountry "ESP"]
[BlackTeamCountry "ESP"]

1. d4 e6 2. Nf3 Nf6 3. e3 d6 4. b3 Nbd7 5. Bb2 g6 6. Be2 Bg7 7. c4 b6 8. Nc3 Bb7 9. Qc2 0-0 10. 0-0 Qe7 11. b4 e5 12. Nd2 Rfe8 13. d5 h6 14. e4 Nh7 15. Nb3 Ndf8 16. c5 Bc8 17. Nb5 Ba6 18. Nxc7 Bxe2 19. cxd6 Qxd6 20. Nxe8 Rxe8 21. Qxe2 Qxb4 22. Rac1 f5 23. f3 Nf6 24. Rfe1 fxe4 25. fxe4 h5 26. Rc6 a5 27. Bc3 Qa3 28. Rxb6 N8d7 29. Rb5 Bh6 30. Rxa5 Qd6 31. Ra6 Qc7 32. Bd2 Bf8 33. Rc1 Qb7 34. h3 Ra8 35. Rxa8 Qxa8 36. Ba5 Kg7 37. Kh2 Qb8 38. Rc6 Bb4 39. Bc7 Qa8 40. Qc4 Be1 41. a4 h4 42. a5 Nh5 43. Re6 Bg3+ 44. Kh1 Qf8 45. Qe2 Nf4 46. Bd6 Qc8 47. Re7+ Kh6 48. Qd1 Nh5 49. Qc1+ Bf4 50. Qe1 Ng3+ 51. Kg1 Qc2 52. Rxd7 Ne2+ 53. Kh1 Ng3+ 54. Kh2 Ne2+ 55. Kh1 Ng3+ 56. Kg1 Ne2+ 1/2-1/2

[Event "Aragon-chT Honor II"]
[Site "Spain"]
[Date "2011.02.19"]
[Round "3.27"]
[White "Escuer Sanchez, Nestor"]
[Black "Alonso Fernandez Revuelta, Rodrigo"]
[Result "1/2-1/2"]
[WhiteElo "2107"]
[BlackElo "2037"]
[PlyCount "57"]
[EventDate "2011.02.05"]
[EventType "team-tourn"]
[EventRounds "7"]
[EventCountry "ESP"]
[SourceTitle "EXT 2013"]
[Source "ChessBase"]
[SourceDate "2012.11.22"]
[SourceVersion "1"]
[SourceVersionDate "2012.11.22"]
[SourceQuality "1"]
[WhiteTeam "La Aurora Estadilla"]
[BlackTeam "Caissa"]
[WhiteTeamCountry "ESP"]
[BlackTeamCountry "ESP"]

1. e4 e6 2. d4 d5 3. Nd2 Nf6 4. e5 Nfd7 5. Bd3 c5 6. c3 b6 7. Nh3 Ba6 8. Bxa6 Nxa6 9. 0-0 Be7 10. Qg4 g6 11. Nf3 h5 12. Qg3 Nf8 13. Be3 Qd7 14. Nfg5 Bxg5 15. Bxg5 Nb8 16. dxc5 bxc5 17. c4 Nc6 18. Rad1 Nd4 19. Qa3 Rc8 20. Rd2 Nh7 21. Be3 0-0 22. Rfd1 Qc7 23. f4 dxc4 24. Bxd4 cxd4 25. Rxd4 Rfd8 26. Nf2 Rxd4 27. Rxd4 g5 28. Qe3 c3 29. bxc3 1/2-1/2

[Event "Aragon-chT Preferente"]
[Site "Spain"]
[Date "2010.02.20"]
[Round "5.26"]
[White "Escuer Sanchez, Nestor"]
[Black "Lopez Guaita, Fernando"]
[Result "1/2-1/2"]
[WhiteElo "2114"]
[BlackElo "2026"]
[PlyCount "98"]
[EventDate "2010.01.23"]
[EventType "team-swiss"]
[EventRounds "12"]
[EventCountry "ESP"]
[SourceTitle "EXT 2013"]
[Source "ChessBase"]
[SourceDate "2012.11.22"]
[SourceVersion "1"]
[SourceVersionDate "2012.11.22"]
[SourceQuality "1"]
[WhiteTeam "Barbastro"]
[BlackTeam "Aragon"]
[WhiteTeamCountry "ESP"]
[BlackTeamCountry "ESP"]

1. e4 e5 2. Bc4 Bc5 3. Nc3 Nf6 4. d3 d6 5. f4 Nc6 6. Nf3 Be6 7. Bb5 Bd7 8. f5 a6 9. Ba4 h6 10. a3 Nd4 11. Nxd4 Bxa4 12. Nxa4 Bxd4 13. Qf3 Qd7 14. Nc3 Qc6 15. Ne2 Bb6 16. c4 0-0-0 17. b4 h5 18. h3 Rdf8 19. Be3 Nd7 20. a4 Bxe3 21. Qxe3 Qb6 22. Qxb6 Nxb6 23. 0-0 c6 24. b5 axb5 25. cxb5 cxb5 26. axb5 Kb8 27. Nc3 Rc8 28. Na4 Nxa4 29. Rxa4 Kc7 30. d4 Kb6 31. dxe5 dxe5 32. Ra3 Rc4 33. Rg3 Rg8 34. Rd1 Rxe4 35. Rd7 f6 36. Rgxg7 Rxg7 37. Rxg7 Rf4 38. g4 hxg4 39. hxg4 Kxb5 40. Rxb7+ Kc5 41. Rg7 e4 42. Kg2 e3 43. Kg3 Re4 44. Rc7+ Kd6 45. Rc1 e2 46. Re1 Ke5 47. Kf3 Rf4+ 48. Kg3 Re4 49. Kf3 Rf4+ 1/2-1/2

[Event "Aragon-chT"]
[Site "Aragon"]
[Date "2009.03.28"]
[Round "9"]
[White "Gutierrez Mingueza, Ruben"]
[Black "Escuer Sanchez, Nestor"]
[Result "1-0"]
[WhiteElo "2068"]
[BlackElo "2089"]
[PlyCount "89"]
[EventDate "2009.01.24"]
[EventType "team-swiss"]
[EventRounds "9"]
[EventCountry "ESP"]
[SourceTitle "EXT 2011"]
[Source "ChessBase"]
[SourceDate "2010.11.26"]
[SourceVersion "1"]
[SourceVersionDate "2010.11.26"]
[SourceQuality "1"]

1. d4 f5 2. c4 g6 3. g3 Nf6 4. Bg2 Bg7 5. Nf3 d6 6. 0-0 0-0 7. Nc3 Qe8 8. b3 e5 9. dxe5 dxe5 10. e4 fxe4 11. Ng5 Qe7 12. Nd5 Nxd5 13. Qxd5+ Kh8 14. Nxe4 c6 15. Qd6 Qxd6 16. Nxd6 Kg8 17. Bg5 e4 18. Rae1 Be5 19. Nxc8 Rxc8 20. Rxe4 Bg7 21. Bh3 Rf8 22. Re7 b6 23. Bg2 h6 24. Bf4 Na6 25. Bxc6 Rad8 26. Bd5+ Kh8 27. Rxa7 Nc5 28. Bc7 Rde8 29. Bxb6 Nd3 30. Rf7 Re2 31. Rxf8+ Bxf8 32. a4 Bb4 33. a5 Ra2 34. Be4 Nc5 35. Bxg6 Nxb3 36. Rb1 Ra3 37. Bc2 Bxa5 38. Be3 Nd2 39. Rb7 Nf3+ 40. Kf1 Ra1+ 41. Ke2 Ne5 42. Bb1 Bc3 43. Bxh6 Kg8 44. Bh7+ Kh8 45. Bg7+ 1-0

[Event "Aragon-chT"]
[Site "Aragon"]
[Date "2009.03.14"]
[Round "7"]
[White "Cortes Lizano, Jesus"]
[Black "Escuer Sanchez, Nestor"]
[Result "0-1"]
[WhiteElo "2231"]
[BlackElo "2089"]
[PlyCount "86"]
[EventDate "2009.01.24"]
[EventType "team-swiss"]
[EventRounds "9"]
[EventCountry "ESP"]
[SourceTitle "EXT 2011"]
[Source "ChessBase"]
[SourceDate "2010.11.26"]
[SourceVersion "1"]
[SourceVersionDate "2010.11.26"]
[SourceQuality "1"]

1. c4 c5 2. Nf3 Nf6 3. Nc3 Nc6 4. e3 d5 5. cxd5 Nxd5 6. d4 Nxc3 7. bxc3 Qa5 8. Bd2 e6 9. Bd3 Be7 10. 0-0 0-0 11. Qe2 h6 12. Rfb1 Qc7 13. Rd1 Rd8 14. Rac1 b6 15. Bb1 Bf6 16. Qd3 g6 17. Qe2 Bb7 18. h4 h5 19. e4 cxd4 20. cxd4 Qe7 21. e5 Bxh4 22. d5 Rxd5 23. Be4 Nd4 24. Qe3 Nxf3+ 25. Qxf3 Rxd2 26. Rxd2 Bg5 27. Rdd1 Bxc1 28. Bxb7 Rb8 29. Bc6 Qg5 30. Rd7 Qf4 31. Qc3 Rc8 32. Rd1 Bb2 33. Qxb2 Rxc6 34. Qa3 Kg7 35. g3 Qxe5 36. Qxa7 Qe2 37. Rf1 h4 38. Qe7 Rc4 39. Qb7 Rg4 40. Qg2 e5 41. Rb1 e4 42. Kh2 e3 43. fxe3 Qxe3 0-1

[Event "Aragon-chT"]
[Site "Aragon"]
[Date "2009.01.24"]
[Round "1"]
[White "Forcen Esteban, Daniel"]
[Black "Escuer Sanchez, Nestor"]
[Result "1-0"]
[WhiteElo "2169"]
[BlackElo "2089"]
[PlyCount "67"]
[EventDate "2009.01.24"]
[EventType "team-swiss"]
[EventRounds "9"]
[EventCountry "ESP"]
[SourceTitle "EXT 2011"]
[Source "ChessBase"]
[SourceDate "2010.11.26"]
[SourceVersion "1"]
[SourceVersionDate "2010.11.26"]
[SourceQuality "1"]

1. e4 e6 2. d4 d5 3. Nc3 Bb4 4. e5 c5 5. a3 Bxc3+ 6. bxc3 Qa5 7. Bd2 Qa4 8. Qb1 c4 9. h4 Nc6 10. h5 h6 11. Qd1 Nge7 12. g4 Bd7 13. Nf3 0-0-0 14. g5 Rdf8 15. gxh6 gxh6 16. Qc1 Rh7 17. Nh4 Ng8 18. Rg1 Nce7 19. Bh3 f6 20. Ng6 Rff7 21. Bf4 Qa5 22. Qe3 f5 23. Kd2 Qd8 24. Bg3 Qe8 25. Bh4 Nc6 26. Bf1 Nge7 27. Be2 Kb8 28. Qf4 Nc8 29. Bf6 b5 30. Nh4 a5 31. Rg6 Qf8 32. Nxf5 b4 33. Nxh6 Nb6 34. Rg8 1-0

[Event "Aragon-chT"]
[Site "Aragon"]
[Date "2008.04.05"]
[Round "8"]
[White "Escuer Sanchez, Nestor"]
[Black "Antoli Royo, Joaquin Miguel"]
[Result "0-1"]
[WhiteElo "2084"]
[BlackElo "2308"]
[PlyCount "76"]
[EventDate "2008.02.02"]
[EventType "team-swiss"]
[EventRounds "12"]
[EventCountry "ESP"]
[SourceTitle "EXT 2011"]
[Source "ChessBase"]
[SourceDate "2010.11.26"]
[SourceVersion "1"]
[SourceVersionDate "2010.11.26"]
[SourceQuality "1"]

1. c4 d6 2. g3 e5 3. Bg2 f5 4. d4 Be7 5. h4 c6 6. Nf3 e4 7. Ng5 d5 8. cxd5 cxd5 9. Qb3 Nc6 10. e3 Nf6 11. Nc3 a6 12. Nh3 Na5 13. Qd1 Be6 14. 0-0 Bf7 15. b3 h6 16. Bd2 Nc6 17. a3 Ng4 18. b4 g5 19. f3 Nf6 20. hxg5 hxg5 21. Nxg5 Bg8 22. fxe4 fxe4 23. Nh3 Nh5 24. Be1 Qd6 25. Nf4 Nxf4 26. gxf4 Qh6 27. Bg3 Be6 28. Kf2 Rg8 29. Rh1 Qg7 30. Qh5+ Bf7 31. Qh3 Nxd4 32. Rad1 Nf5 33. Nxd5 Bxd5 34. Rxd5 Nxg3 35. Qd7+ Kf8 36. Rhd1 Nh1+ 37. Ke1 Bh4+ 38. Kd2 Qxd7 0-1

[Event "Aragon-chT"]
[Site "Aragon"]
[Date "2008.03.08"]
[Round "6"]
[White "Escuer Sanchez, Nestor"]
[Black "Laplaza Ara, Carlos"]
[Result "1-0"]
[WhiteElo "2084"]
[BlackElo "2008"]
[PlyCount "47"]
[EventDate "2008.02.02"]
[EventType "team-swiss"]
[EventRounds "12"]
[EventCountry "ESP"]
[SourceTitle "EXT 2011"]
[Source "ChessBase"]
[SourceDate "2010.11.26"]
[SourceVersion "1"]
[SourceVersionDate "2010.11.26"]
[SourceQuality "1"]

1. d4 d5 2. g3 Nf6 3. Bg2 g6 4. Nf3 Bg7 5. 0-0 0-0 6. c4 c6 7. Nc3 Nbd7 8. cxd5 cxd5 9. Qb3 e6 10. Bf4 a6 11. Rac1 Nb6 12. Rfd1 Nh5 13. Be5 f6 14. Bc7 Qxc7 15. Nxd5 Nxd5 16. Rxc7 Nxc7 17. e3 f5 18. Nd2 Rb8 19. Rc1 Na8 20. Nc4 b5 21. Nd6 Bd7 22. Bxa8 Rxa8 23. Rc7 Rfd8 24. Rxd7 1-0

[Event "Aragon-chT"]
[Site "Aragon"]
[Date "2008.02.16"]
[Round "3"]
[White "Escuer Sanchez, Nestor"]
[Black "Forcen Esteban, Daniel"]
[Result "1/2-1/2"]
[WhiteElo "2084"]
[BlackElo "2138"]
[PlyCount "94"]
[EventDate "2008.02.02"]
[EventType "team-swiss"]
[EventRounds "12"]
[EventCountry "ESP"]
[SourceTitle "EXT 2011"]
[Source "ChessBase"]
[SourceDate "2010.11.26"]
[SourceVersion "1"]
[SourceVersionDate "2010.11.26"]
[SourceQuality "1"]

1. d4 Nf6 2. g3 g6 3. Bg2 Bg7 4. Nf3 d5 5. 0-0 0-0 6. c4 c6 7. h3 Bf5 8. cxd5 Bxb1 9. Rxb1 Nxd5 10. Qb3 Qb6 11. Qxb6 axb6 12. a3 b5 13. e4 Nb6 14. Bd2 Rd8 15. Bb4 e6 16. Rfd1 N8d7 17. Ne1 f5 18. Nc2 fxe4 19. Bxe4 e5 20. dxe5 Nxe5 21. Rxd8+ Rxd8 22. Ne3 Nbc4 23. Nxc4 Nxc4 24. b3 Ne5 25. Bg2 Bf6 26. Bc5 Nd3 27. Bb6 Rd7 28. a4 bxa4 29. bxa4 Nb2 30. a5 Nc4 31. Rb4 Nxb6 32. axb6 Be5 33. h4 Kg7 34. Bh3 Rf7 35. f4 Bd6 36. Rb3 Bc5+ 37. Kh2 Re7 38. Bg2 Re8 39. Kh3 Rd8 40. Bf3 Kf6 41. h5 g5 42. fxg5+ Kxg5 43. Bg4 Rf8 44. Rd3 Rf7 45. Rb3 Rf8 46. Rd3 Rf7 47. Rb3 Rf8 1/2-1/2